000 nam a22 7a 4500
999 _c9953
_d9953
008 180209b ||||| |||| 00| 0 eng d
100 _aSharma,A.
_96009
245 _aBusiness Studies-XII
260 _aNew Delhi
_bABD
_c2007